00581 2200229 4500001002100000005001500021035002000036007000300056008004100059040001200100082001500112084001700127090001900144100001700163245005400180260003600234300002700270650001600297850001200313041000800325990001800333INLIS00000000079337820180712044738 a0010-0718000358ta180712 ind  aYOPDYOG04223a297.14 a297.14 THA r aL 297.14 THA r0 aThaha Mahsun aRisalah (imadud-dien) Tiang agama /cThaha Mahsun aSurabaja :bSalim Nabhan,c1952 a37 halaman ;c15,5 cm. 4aAgama Islam aYOPDYOG aind a59422-PD/A.18